TWS - Membres par photo - Statistiques

Statistiques générales
  • Ce quiz a été pris 7 fois
  • Le résultat moyen est 4 sur 6
Statistiques - réponses
Par images Réponse % Correct
Dohoon
100%
Jihoon
100%
Kyungmin
67%
Shinyu
67%
Youngjae
67%
Hanjin
33%
Aucun quiz correspondant
Distribution des résultats
% des personnes avec chaque résultat
Percentile par nombre de réponses
Votre historique - résultats
Vous n’avez pas pris ce quiz